Jesus in twentieth-century literature, art, and movies / (Record no. 122058)
[ view plain ]
| 000 -LEADER | |
|---|---|
| fixed length control field | 02451cam a2200373 a 4500 |
| 001 - CONTROL NUMBER | |
| control field | 14810319 |
| 003 - CONTROL NUMBER IDENTIFIER | |
| control field | ARRUPE |
| 005 - DATE AND TIME OF LATEST TRANSACTION | |
| control field | 20150323172101.0 |
| 008 - FIXED-LENGTH DATA ELEMENTS--GENERAL INFORMATION | |
| fixed length control field | 070417s2007 nyuaf b 000 0 eng |
| 010 ## - LIBRARY OF CONGRESS CONTROL NUMBER | |
| LC control number | 2007015995 |
| 020 ## - INTERNATIONAL STANDARD BOOK NUMBER | |
| International Standard Book Number | 9780826428400 (hardcover : alk. paper) |
| 020 ## - INTERNATIONAL STANDARD BOOK NUMBER | |
| International Standard Book Number | 0826428401 (hardcover : alk. paper) |
| 020 ## - INTERNATIONAL STANDARD BOOK NUMBER | |
| International Standard Book Number | 9780826428417 (pbk. : alk. paper) |
| 020 ## - INTERNATIONAL STANDARD BOOK NUMBER | |
| International Standard Book Number | 082642841X (pbk. : alk. paper) |
| 035 ## - SYSTEM CONTROL NUMBER | |
| System control number | (OCoLC)ocn123539367 |
| 035 ## - SYSTEM CONTROL NUMBER | |
| System control number | (OCoLC)123539367 |
| 040 ## - CATALOGING SOURCE | |
| Original cataloging agency | DLC |
| Transcribing agency | DLC |
| Modifying agency | BAKER |
| -- | BTCTA |
| -- | C#P |
| -- | IXA |
| -- | DLC |
| 050 00 - LIBRARY OF CONGRESS CALL NUMBER | |
| Classification number | PN57.J47 |
| Item number | J47 2007 |
| 082 00 - DEWEY DECIMAL CLASSIFICATION NUMBER | |
| Classification number | 700/.48232 |
| Edition number | 22 |
| 300 ## - PHYSICAL DESCRIPTION | |
| Other physical details | col. ill. ; |
| Dimensions | 24 cm. |
| 245 00 - TITLE STATEMENT | |
| Title | Jesus in twentieth-century literature, art, and movies / |
| Statement of responsibility, etc | edited by Paul C. Burns. |
| 260 ## - PUBLICATION, DISTRIBUTION, ETC. (IMPRINT) | |
| Place of publication, distribution, etc | New York : |
| Name of publisher, distributor, etc | Continuum, |
| Date of publication, distribution, etc | 2007. |
| 300 ## - PHYSICAL DESCRIPTION | |
| Extent | ix, 241 p., [4] p. of plates : |
| 440 #0 - SERIES STATEMENT/ADDED ENTRY--TITLE | |
| Title | UBC studies in religion ; |
| Volume number/sequential designation | 1 |
| 9 (RLIN) | 15160 |
| 504 ## - BIBLIOGRAPHY, ETC. NOTE | |
| Bibliography, etc | Includes bibliographical references (p. 223-241). |
| 505 0# - FORMATTED CONTENTS NOTE | |
| Formatted contents note | Imagining Jesus then and now : Nino Ricci's Testament / by Dietmar Neufeld -- Transformation of biblical methods and godhead in Norman Mailer's Gospel / by Paul C. Burns -- José Saramago's Kakaggelion : the "badspel" according to Jesus Christ / by J. Robert C. Cousland -- The master and Margarita and Bulgakov's antiauthoritarian Jesus / by Katherine Sirluck -- The existential turn : refiguring Christ from Kazantzakis to Scorsese / by Steven Taubeneck -- D.H. Lawrence's risen Jesus / by Ross Labrie -- "Ben-Yosef is a Jewish son" : Jewish portrayals of Jesus dialectic reclamation of presentation and transformation / by Daphna Arbel -- Crossing cruci-fictional boundaries : transgressive tropes in Chaim Potok's My name is Asher Lev / by Robert A. Daum -- Abbā's Maḥmūd al-Aqqād's The genius of Christ : an innovative Muslim approach to Jesus / by F. Peter Ford, Jr. -- Christology in the dark : The Da Vinci code and The passion of the Christ : what they tell us about American religion today / by Alan F. Segal. |
| 600 00 - SUBJECT ADDED ENTRY--PERSONAL NAME | |
| Personal name | Jesus Christ |
| General subdivision | In literature. |
| 9 (RLIN) | 15161 |
| 600 00 - SUBJECT ADDED ENTRY--PERSONAL NAME | |
| Personal name | Jesus Christ |
| Form subdivision | Art. |
| 9 (RLIN) | 15162 |
| 600 00 - SUBJECT ADDED ENTRY--PERSONAL NAME | |
| Personal name | Jesus Christ |
| General subdivision | In motion pictures. |
| 9 (RLIN) | 15163 |
| 650 #0 - SUBJECT ADDED ENTRY--TOPICAL TERM | |
| Topical term or geographic name as entry element | Literature, Modern |
| Chronological subdivision | 20th century |
| General subdivision | History and criticism. |
| 9 (RLIN) | 15164 |
| 700 1# - ADDED ENTRY--PERSONAL NAME | |
| Personal name | Burns, Paul C. |
| 9 (RLIN) | 15165 |
| 906 ## - LOCAL DATA ELEMENT F, LDF (RLIN) | |
| a | 7 |
| b | cbc |
| c | orignew |
| d | 1 |
| e | ecip |
| f | 20 |
| g | y-gencatlg |
| 942 ## - ADDED ENTRY ELEMENTS (KOHA) | |
| Source of classification or shelving scheme | Library of Congress Classification |
| Koha item type | Monograph ( Printed materials) |
| Withdrawn status | Lost status | Source of classification or shelving scheme | Damaged status | Not for loan | Collection code | Home library | Current library | Shelving location | Date acquired | Total Checkouts | Full call number | Barcode | Date last seen | Price effective from | Koha item type |
|---|---|---|---|---|---|---|---|---|---|---|---|---|---|---|---|
| Library of Congress Classification | Main Collection | ARRUPE LIBRARY | ARRUPE LIBRARY | Main Collection | 17/02/2015 | PN57.J47 J47 2007 | 46500002946 | 27/03/2019 | 17/02/2015 | Monograph ( Printed materials) |